00337 2200145 4500001002100000005001500021035002000036245004800056100001500104300000700119260003100126082000800157084001400165990001200179INLIS00000000000211120250527101707 a0010-05250004031 aLangkah Mudah Belajar Melukis /cJackue SIM0 aJackue SIM a96 aJakarta :bErlangga,c2001 a700 a700 JAC l a0713123